000 01069 a2200217 4500
001 3191
005 20260407155425.0
008 260407a2005 arg spa d
003 AR-UNSa-BCEJYS
040 _aAR-UNSa-BCEJYS
_bspa
_cAR-UNSa-BCEJYS
080 _a336.226
_xTipos de impuestos. Impuestos directos e indirectos
245 1 0 _aImpuestos
020 _a987-1140-26-6
264 1 _aBuenos Aires :
_bOsmar D. Buyatti
_c2005
300 _a173 p.
_c22 cm.
505 _a1. Impuesto al valor agregado - 2. Impuesto a las ganancias - 3. Impuesto a la ganancia mínima presunta - 4. Impuesto sobre los bienes personales - 5. Procedimiento - 6. Código aduanero - 7. Régimen simplificado. Régimen para pequeños contribuyentes eventuales - 8. Impuestos internos - 9. Ley de prevención de la evasión fiscal - 10. Impuesto a las transacciones financieras
942 _cBK
590 _aniveau_biblio:m niveau_hierar:0
100 1 _aChalupowicz, Israel
856 4 1 _uhttps://biblioeco.unsa.edu.ar/pmb/images/libros/Impuestos-l116435.jpg
_yImagen de portada
_qimage/jpeg
999 _c290
_d290